La crisis económica de América Latina, antecedentes y perspectivas

محفوظ في:
التفاصيل البيبلوغرافية
مؤلف مشترك: Instituto de Estudios Económicos de América Latina
التنسيق: نص
منشور في: s.l.: CIDE
الوسوم: إضافة وسم
لا توجد وسوم, كن أول من يضع وسما على هذه التسجيلة!

MARC

LEADER 00000 a a2200000 04500
001 24448
003
040 |a CRAI/IIS  |c CRAI/IIS 
090 |a 175300  
110 |a Instituto de Estudios Económicos de América Latina  
245 |a La crisis económica de América Latina, antecedentes y perspectivas  
260 |a s.l.:   |b CIDE  
300 |a 89 p.   |b **no definido**  
999 |c 6208  |d 6208